000 00506nam a22001811 4500
001 bimo0000925129
003 OSt
005 20130625114307.0
008 900725s1962 sp spa
040 _aSpMaBN
_bspa
_cBMC
082 _a863.56
100 1 _aGómez de la Serna, Ramón
_d1888-1963
_946
245 1 0 _aCartas a las golondrinas ; Cartas a mí mismo
_cRamón Gómez de la Serna
260 0 _aMadrid
_bEspasa-Calpe
_c1962
300 _a225 p.
_c18 cm
490 0 _aAustral
_v1310
942 _2ddc
_cBK
999 _c829
_d829